Online
Catalog

Hacia un código de familia en la República Dominicana / (Record no. 45037)

MARC details
000 -CABECERA
campo de control de longitud fija 01600nam a2200373 a 4500
001 - NÚMERO DE CONTROL
campo de control 000045548
003 - IDENTIFICADOR DEL NÚMERO DE CONTROL
campo de control DO-SdBNP
005 - FECHA Y HORA DE LA ÚLTIMA TRANSACCIÓN
campo de control 20240404093624.0
007 - CAMPO FIJO DE DESCRIPCIÓN FÍSICA--INFORMACIÓN GENERAL
campo de control de longitud fija ta
008 - DATOS DE LONGITUD FIJA--INFORMACIÓN GENERAL
campo de control de longitud fija 150414e2006 dr gr s000 0 spa d
020 ## - NÚMERO INTERNACIONAL ESTÁNDAR DEL LIBRO
Número Internacional Estándar del Libro 9993422843
040 ## - FUENTE DE LA CATALOGACIÓN
Centro catalogador/agencia de origen DO-SdBNP
Lengua de catalogación spa
Centro/agencia transcriptor BNPHU
041 ## - CÓDIGO DE LENGUA
Código de lengua original spa
082 #4 - NÚMERO DE LA CLASIFICACIÓN DECIMAL DEWEY
Número de clasificación 346.015097293
Número de documento/Ítem L615h
Número de edición 22
100 1# - ENTRADA PRINCIPAL--NOMBRE DE PERSONA
Nombre de persona Lerebours, Grisel
9 (RLIN) 73610
110 ## - ENTRADA PRINCIPAL--NOMBRE DE ENTIDAD CORPORATIVA
Nombre de entidad corporativa o nombre de jurisdicción como elemento de entrada CONAPOFA
9 (RLIN) 82603
245 10 - MENCIÓN DE TÍTULO
Título Hacia un código de familia en la República Dominicana /
Mención de responsabilidad, etc. Grisel Lerebours, Yeycy Donastorg ; edición Dania Bonelly
260 ## - PUBLICACIÓN, DISTRIBUCIÓN, ETC.
Lugar de publicación, distribución, etc. Santo Domingo :
Nombre del editor, distribuidor, etc. CONAPOFA,
Fecha de publicación, distribución, etc. 2006.
300 ## - DESCRIPCIÓN FÍSICA
Extensión vi, 82 p. ;
Dimensiones 21 cm.
490 1# - MENCIÓN DE SERIE
Mención de serie Cuadernos de Población y Familia;
Designación de volumen o secuencia 8
500 ## - NOTA GENERAL
Nota general Incluye referencias bibliográficas y notas al pie de las páginas.
500 ## - NOTA GENERAL
Nota general Perteneció a la biblioteca personal de Erick Landestoy
504 ## - NOTA DE BIBLIOGRAFÍA, ETC.
Nota de bibliografía, etc. Bibliografía : p. 77-82
505 0# - NOTA DE CONTENIDO CON FORMATO
Nota de contenido con formato Por qué un código de protección a las familias dominicanas? --
Título Legislación dominicana sobre familia --
-- Características socio-demográficas de las familias dominicanas --
-- Servicios sociales --
-- Cómo articular el código de familia de la República Dominicana --
590 ## - NOTA LOCAL (RLIN)
Nota local Inventariado, 2022 /LP
650 #0 - PUNTO DE ACCESO ADICIONAL DE MATERIA--TÉRMINO DE MATERIA
9 (RLIN) 17171
Término de materia o nombre geográfico como elemento de entrada Derecho de familia
Subdivisión geográfica República Dominicana
700 12 - PUNTO DE ACCESO ADICIONAL--NOMBRE DE PERSONA
Nombre de persona Lerebours, Grisel,
9 (RLIN) 73611
Código de función/relación ed.
700 1# - PUNTO DE ACCESO ADICIONAL--NOMBRE DE PERSONA
Nombre de persona Bonelly, Diana,
Código de función/relación ed.
9 (RLIN) 78654
700 1# - PUNTO DE ACCESO ADICIONAL--NOMBRE DE PERSONA
Nombre de persona Yeycy, Donastorg,
9 (RLIN) 73611
710 2# - PUNTO DE ACCESO ADICIONAL--NOMBRE DE ENTIDAD CORPORATIVA
Nombre de entidad corporativa o nombre de jurisdicción como elemento de entrada Consejo Nacional de Población y Familia (República Dominicana)
9 (RLIN) 6985
830 #0 - PUNTO DE ACCESO ADICIONAL DE SERIE-TÍTULO UNIFORME
Título uniforme Cuadernos de Población y Familia ;
Número de parte o sección de la obra 8
9 (RLIN) 73612
910 ## - DATOS DE OPCIÓN DEL USUARIO (OCLC)
Datos de opción del usuario Validado, 2022 /MFF
942 ## - ELEMENTOS DE PUNTO DE ACCESO ADICIONAL (KOHA)
Fuente del sistema de clasificación o colocación Dewey Decimal Classification
Tipo de ítem Koha Libro
Holdings
Estado de retiro Estado de pérdida Fuente del sistema de clasificación o colocación Restricciones de uso No para préstamo Código de colección Localización permanente Ubicación/localización actual Ubicación en estantería Fecha de adquisición Signatura topográfica completa Código de barras Fecha visto por última vez Precio válido a partir de Tipo de ítem Koha Nota pública Fuente de adquisición Número de copia
    Dewey Decimal Classification Préstamo restringido   Patrimonio Dominicano Biblioteca Nacional Pedro Henríquez Ureña Biblioteca Nacional Pedro Henríquez Ureña Depósito 14.04.2015 BNPHU PD 346.015097293 L615h 45548-10 25.06.2020 25.06.2020 Libro Perteneció a la biblioteca personal de Erick Landestoy.    
    Dewey Decimal Classification Préstamo restringido   Patrimonio Dominicano Biblioteca Nacional Pedro Henríquez Ureña Biblioteca Nacional Pedro Henríquez Ureña Depósito 02.11.2020 BNPHU PD 346.015097293 L615h 2021-1792 24.05.2021 24.05.2021 Libro   Depósito legal e.2
    Dewey Decimal Classification Préstamo en sala   Dominicana de Servicio Biblioteca Nacional Pedro Henríquez Ureña Biblioteca Nacional Pedro Henríquez Ureña Depósito 02.11.2020 BNPHU DS 346.015097293 L615h 2021-1793 24.05.2021 24.05.2021 Libro   Depósito legal e.3
    Dewey Decimal Classification Préstamo en sala   Dominicana de Servicio Biblioteca Nacional Pedro Henríquez Ureña Biblioteca Nacional Pedro Henríquez Ureña Depósito 02.11.2020 BNPHU DS 346.015097293 L615h 2021-1794 24.05.2021 24.05.2021 Libro   Depósito legal e.4

Powered by Koha